Vanya dayı : (Record no. 13963)

MARC details
000 -BAŞLIK
Sabit Uzunlukta Kontrol Alanı 00681nam a22002297a 4500
999 ## - SİSTEM KONTROL NUMARALARI (KOHA)
Koha Biblionumber 13963
Koha Biblioitemnumber 13963
003 - KONTROL NUMARASI IDENTIFIER
Denetim Alanı MIRAKIL
005 - SON İŞLEM TARİHİ VE ZAMANI
Denetim Alanı 20200825162642.0
008 - SABİT-BOY VERİ ELEMANLARI - GENEL BİLGİLER
Sabit Uzunlukta Kontrol Alanı 200825b tu ||||| |||| 00| 0 tur d
020 ## - ULUSLARARASI STANDART KİTAP NUMARASI
Uluslararası Standart Kitap Numarası 975533162x
040 ## - KATALOGLAMA KAYNAK
Orijinal Kataloglama Ajansı TR-AnCHP
Metne Dönüştürmek Ajansı TR-AnCHP
041 ## - DİL KODU
Metin / Ses Parça Veya Ayrı Başlığın Dil Kodu tur
082 ## - DEWEY ONLU SINIFLANDIRMA NUMARASI
Sınıflandırma Numarası 891.73
Ürün Numarası Ç33v 1996
100 ## - ANA GİRİŞ - KİŞİSEL İSİM
Kişisel Ad Çehov, Anton
245 10 - BAŞLIK TABLOSU
Başlık Vanya dayı :
Başlığın Kalan Kır yaşamından sahneler/
Sorumluluk Tablosu, Vb Anton Çehov ; çeviren: Belgi Paksoy
246 ## - UNVAN FORM VARYING
Başlık Doğru / Kısa Başlığı Kır yaşamından sahneler
260 ## - YAYIN, DAĞITIM, VB
Yayın, Dağıtım, Vb Yeri Ankara:
Yayıncı, Dağıtıcı, Vs Adı İmge Kitabevi,
Yayın, Dağıtım, Vb Tarihi 1996.
300 ## - FİZİKSEL TANIM
Kapsam 69 s.:
Boyutlar 19 sm.
650 #0 - KONU KATMA GİRİŞ - TOPİKAL DÖNEM
9 (RLIN) 5112
Topikal Süreli Veya Coğrafi Ad Giriş Elemanı Rus Edebiyatı
Genel Alt Bölümü Tiyatro
700 ## - KATMA GİRİŞ - KİŞİSEL İSİM
9 (RLIN) 6451
Kişisel Ad Paksoy, Belgi
Relator Terim çev.
740 ## - KATMA GİRİŞ - KONTROLSUZ İLGİLİ / ANALİTİK BAŞLIK
Kontrol Edilmeyen / İlgili Analitik Başlıktaki Kır yaşamından sahneler
942 ## - EKLENDİ GİRİŞ ELEMANLARI (KOHA)
Sınıflandırma Veya Raf Düzeni Kaynak Dewey Decimal Classification
Koha Öğesi Türü Books
Holdings
Kalıcı Konum Mevcut Konum Edinme Tarihi Toplam Check-Out'Lar Tam Çağrı Numarası Barkod Tarih Son Görülme İtibaren Geçerli Fiyatlar Sigara Kamu Notu Koha Öğesi Türü
CHP Kütüphanesi CHP Kütüphanesi 08/25/2020   891.73 Ç33v 1996 019446 08/25/2020 08/25/2020 Emine Başak Alkan Bağışıdır. Books